000 00568nam a2200205 a 4500
001 BRCA_2521
005 20190320203840.0
008 251108s1946----nyua---###---#000-0#eng-u
050 4 _aN7340
_b.B33 1946
100 1 _aBachhofer, Ludwig
_97244
245 1 0 _aA short history of Chinese art
_cLudwig Bachhofer.
260 _aNew York
_bPantheon
_c1946
300 _a139 p.
_bil., 129 láminas
_c31 cm.
500 _aIncluye lista de ilustraciones
500 _aA10
650 1 4 _aArte
_zChina
_97245
650 1 4 _aArte
_xHistoria
_97246
902 _aGFM
942 _2lcc
_cB
999 _c2262
_d2262